[Event "EWCCC Online Final 2020"]
[Site "Online"]
[Date "2020.12.21"]
[Round "9.2"]
[White "Kosteniuk, Alexandra"]
[Black "Salimova, Nurgyul"]
[Result "1/2-1/2"]
[WhiteElo "2471"]
[BlackElo "2397"]
[Annotator "TA"]
[PlyCount "159"]
[EventDate "2020.12.19"]
[EventType "team-tourn"]
[EventCountry "NET"]
[SourceTitle "playchess.com"]
[Source "ChessBase"]
[SourceQuality "1"]

{[%evp 11,159,12,18,10,8,9,16,-1,27,10,24,18,21,0,0,-35,-27,-90,-66,-104,-89,-122,-71,-123,-124,-115,-104,-191,-192,-208,-217,-214,-202,-211,-223,-226,-209,-209,-209,-217,-212,-206,-204,-205,-174,-211,-200,-202,-201,-203,-196,-193,-208,-227,-225,-219,-166,-165,-134,-140,-140,-139,-139,-150,-93,-93,-97,-166,-168,-168,-167,-139,-140,-339,-335,-318,-327,-265,-110,-110,-110,-110,-110,-110,-110,-110,-100,-85,-56,-60,0,-85,-68,-68,0,-100,-68,-101,-68,-68,-68,-68,-13,-68,0,0,0,0,0,0,0,-137,0,0,0,0,666,0,0,0,0,-8,0,0,0,0,0,0,0,0,0,0,0,0,0,0,0,0,0,0,0,0,0,0,0,0,0,0,0,0]} 1. e4 c6 2. c4 d5 3. cxd5 cxd5 4. exd5 Nf6 5. Nc3 Nxd5 6. Nf3 Nc6 7. Bb5 {B10: Caro-Kann: 2 d3 and 2 c4.} g6 8. Qa4 Nb6 9. Qh4 $1 {[%mdl 4] is recently more successful than 9.Bxc6+.} e6 10. Bxc6+ bxc6 11. Qxd8+ Kxd8 {[#]} 12. Ne5 $146 ({Predecessor:} 12. d4 f6 13. O-O Nd5 14. Bd2 Nxc3 15. Bxc3 Be7 16. Rfe1 Ke8 17. Rac1 Kf7 18. d5 exd5 {1-0 (51) Sokolov,A (2522)-Tschann,S (2260) Baden 2016}) 12... Ke8 13. d4 f6 14. Nf3 (14. Nd3 $11 {keeps the balance.}) 14... Ba6 $17 15. b3 Kf7 16. Ne4 Rd8 (16... Nd5 $142 17. Kd2 Rb8) 17. Bb2 ({White should play} 17. Bd2) 17... Nd5 18. O-O-O Bh6+ 19. Kb1 (19. Nfd2 $17) 19... Be2 $19 20. Nc5 Bxd1 21. Rxd1 Rhe8 22. Re1 Bf8 23. Nd3 Nb4 24. Nxb4 Bxb4 25. Rc1 Rc8 26. Rc4 Bd6 27. Nd2 h5 ({Much less strong is} 27... Bxh2 28. g3 $15) 28. g3 g5 29. Ne4 Be7 30. Kc2 Rh8 31. Ra4 Rc7 32. Kd3 f5 33. Nd2 h4 34. Nc4 hxg3 35. hxg3 Rd8 36. Ne5+ Ke8 37. Ra6 Rdc8 (37... Rd6 $142 38. Nc4 Rd5) 38. Bc3 $17 Bf6 39. Nc4 (39. Kc4 $17) 39... Rd7 $19 40. Na5 c5 41. Rxe6+ Kf7 42. Rxf6+ $2 (42. Rc6 $17 cxd4 43. Bb2 (43. Rxc8 $2 {perishes.} dxc3+ 44. Ke3 Rd2 $19)) 42... Kxf6 43. d5+ Kf7 44. Kc4 Rcd8 (44... Re7 $19 {Strongly threatening ...Re2.} 45. Kd3 g4) 45. Nc6 $17 Rxd5 46. Nxd8+ Rxd8 47. Kxc5 {[%mdl 4096] Endgame KR-KB} Rc8+ 48. Kd4 Ke6 49. a4 Rh8 50. Kc4 Rc8+ 51. Kd4 Kd6 52. Bb4+ Ke6 (52... Kd7 $15) 53. Bc5 (53. Bc3 $11) 53... a6 54. b4 Rd8+ 55. Kc4 Rd1 56. Be3 g4 (56... Ra1 $1 $15 57. a5 g4) 57. Kc5 (57. b5 $11 axb5+ 58. axb5) 57... Kd7 ({Black should try} 57... Ra1 $15 58. a5 Rb1) 58. Kb6 $11 Rd6+ 59. Kb7 {With the idea Bb6.} Re6 60. Bc5 Rc6 {Threatens to win with ...a5!} 61. Be3 {[#] Cut Off at move 61} (61. a5 $11) 61... Re6 ({Better is} 61... Rc4 $1 $17 {[%cal Rc4b4]} 62. Bd2 Rc2) 62. a5 Rc6 63. Bb6 Rc4 $2 {[%mdl 8192]} (63... Re6 $11) 64. Bc5 $2 ({Only move:} 64. Kxa6 $18 Kc8 65. b5) 64... f4 {The position is equal.} 65. gxf4 Rxf4 66. b5 axb5 67. a6 Ra4 {[#] ...b4 is the strong threat.} 68. a7 b4 69. a8=Q Rxa8 70. Kxa8 {KB-KPP} b3 {( -> ...b2)} 71. Ba3 Kc6 72. Ka7 Kd5 73. Kb6 Ke4 74. Kb5 Kf3 75. Kc4 Kxf2 76. Kxb3 g3 77. Bc5+ Kf1 78. Kc2 g2 79. Kd3 g1=Q 80. Bxg1 {Never resign too early!  Weighted Error Value: White=0.20/Black=0.17} 1/2-1/2

[Event "EWCCC Online Final 2020"]
[Site "Online"]
[Date "2020.12.21"]
[Round "9.2"]
[White "Bodnaruk, Anastasia"]
[Black "Kashlinskaya, Alina"]
[Result "0-1"]
[WhiteElo "2423"]
[BlackElo "2494"]
[Annotator "TA"]
[PlyCount "72"]
[EventDate "2020.12.19"]
[EventType "team-tourn"]
[EventCountry "NET"]
[SourceTitle "playchess.com"]
[Source "ChessBase"]
[SourceQuality "1"]

{[%evp 9,72,-2,14,27,20,20,26,0,18,19,15,0,0,0,0,0,0,-83,-99,-75,-78,-95,-99,-175,-165,-370,-310,-435,-433,-568,-211,-207,-232,-226,-199,-406,-421,-448,-353,-606,-591,-1598,-1583,-2007,-2025,-1869,-1854,-1643,-941,-931,-930,-915,-912,-900,-837,-5233,-5229,-7143,-6002,-2468,-2344,-29987,-29988,-29988,-29989]} 1. e4 e5 2. Bc4 Nf6 3. d3 c6 4. Nf3 d5 5. Bb3 a5 6. a4 {C24: Bishop's Opening: 2...Nf6.} (6. Nxe5 $2 a4 $19) 6... Bb4+ 7. c3 Bd6 8. O-O {White has an edge.} (8. Qe2 O-O 9. O-O Re8 10. Bg5 Nbd7 11. exd5 Nc5 12. Ba2 Bf5 13. Ne1 h6 14. Bxf6 Qxf6 15. Nd2 e4 16. d4 Nxa4 17. dxc6 bxc6 18. Bxf7+ Qxf7 19. Rxa4 {½-½ (72) Bodnaruk,A (2411)-Kashlinskaya,A (2494) chess.com INT 2020}) 8... O-O 9. exd5 Nxd5 10. Re1 Bg4 11. h3 Bh5 {[#]} 12. g4 $146 ({Predecessor:} 12. Nbd2 Nd7 13. Ne4 Bc7 14. Ng3 Bg6 15. d4 exd4 16. Bxd5 cxd5 17. Qxd4 Bxg3 18. fxg3 {1-0 (60) Howell,D (2694)-Kashlinskaya,A (2481) Douglas 2019}) 12... Bg6 13. Nxe5 (13. Na3 $11) 13... Bxe5 $17 14. Rxe5 Nd7 15. Re1 Nc5 {[%mdl 1024] Black has strong compensation.} 16. Bc2 {[#]} (16. Bc4 $17) 16... Qh4 $1 $19 {[%cal Rh4h3]} 17. d4 $2 (17. Qf3 {is a better defense.}) 17... Ne6 18. Be4 (18. Bf5 {might work better.} Qxh3 19. Be4 Bxe4 20. Rxe4) 18... Ndf4 19. Bg2 Nxh3+ $2 (19... Nxg2 20. Kxg2 f5) 20. Bxh3 Qxh3 21. Re3 Qh4 {And now ...Ng5 would win.} 22. Re5 $2 (22. Qf3 {was the only chance.}) 22... Rae8 {Strongly threatening ...f6.} 23. Qe2 Kh8 {aiming for ...f6.} 24. Na3 $2 (24. Bd2 f5 25. Qf3) 24... f6 25. Re3 {Now Qf3 and White clings on.} Ng5 26. Rxe8 Nh3+ 27. Kf1 Rxe8 28. Be3 Ng5 {[%cal Rh4h1]} 29. Ke1 {[#]} Rxe3 $1 {[%mdl 512]} 30. Qxe3 Qh1+ 31. Ke2 Qxa1 32. Qe7 Qxb2+ {[%mdl 64] Double Attack} 33. Kf1 Qc1+ 34. Ke2 h6 35. Nc4 Qc2+ 36. Nd2 {[#]} Ne4 $1 {White got outplayed after the opening.  Weighted Error Value: White=1.16/Black=0.42} 0-1

[Event "EWCCC Online Final 2020"]
[Site "Online"]
[Date "2020.12.21"]
[Round "9.2"]
[White "Maltsevskaya, Aleksandra"]
[Black "Benmesbah, Natacha"]
[Result "1/2-1/2"]
[WhiteElo "2311"]
[BlackElo "2223"]
[Annotator "TA"]
[PlyCount "168"]
[EventDate "2020.12.19"]
[EventType "team-tourn"]
[EventCountry "NET"]
[SourceTitle "playchess.com"]
[Source "ChessBase"]
[SourceQuality "1"]

{[%evp 15,168,49,59,52,57,21,17,0,0,0,0,0,10,0,-4,-9,-6,-20,-7,-14,-26,-22,-14,-10,0,-15,0,0,8,8,19,0,20,15,40,40,39,25,91,73,83,78,78,74,75,74,72,93,171,170,166,150,164,101,125,41,115,7,14,0,0,0,0,0,0,0,16,3,62,66,54,61,66,67,79,45,45,45,45,50,46,45,52,45,45,45,52,45,45,45,52,52,72,57,58,65,90,70,91,52,52,52,72,53,64,44,52,49,93,64,61,0,0,0,67,0,0,0,0,0,0,0,0,0,0,0,0,0,0,0,0,-8,-8,-8,-8,-8,-8,-8,0,0,0,-7,-7,-2,0,0,0,0,0,0,0,0,0,0,0]} 1. e4 c5 2. Nf3 Nc6 3. d4 cxd4 4. Nxd4 Nf6 5. Nc3 e5 6. Ndb5 d6 7. Bg5 a6 8. Na3 Be6 9. Nc4 {B33: Sicilian: Pelikan and Sveshnikov Variations.} Rb8 10. Ne3 Be7 11. Bxf6 Bxf6 12. Ncd5 Bg5 13. c3 O-O 14. h4 Bxe3 15. Nxe3 Ne7 16. Bd3 d5 17. exd5 Nxd5 {[#]} 18. Qh5 $146 {[%csl Gd3][%cal Rh5h7] [#]} ({Predecessor:} 18. Nxd5 Bxd5 19. Qc2 e4 20. Bf1 Bc6 21. Rd1 Qe7 22. Qd2 Rbd8 23. Qe3 Rxd1+ 24. Kxd1 {0-1 (52) Van Dael,S (2319)-Lintchevski,D (2534) Pardubice 2019}) 18... Nf6 19. Qe2 e4 20. Bc2 Qd6 21. O-O Qf4 22. g3 Qe5 (22... Qd6 {is interesting.} 23. Rad1 Qb6 24. Bb1 Rbd8 25. Rxd8 Rxd8 26. Rd1 g6) 23. Bb3 b5 24. Rfd1 Bxb3 25. axb3 Qe6 26. b4 Nd7 (26... Rbe8 $11) 27. Nd5 $16 f5 28. Nf4 Qc6 29. Qd2 Ne5 30. Qd5+ Qxd5 31. Rxd5 Nc4 (31... Nf3+ $16 {was necessary.} 32. Kf1 Rb6) 32. b3 Nb6 33. Rd6 Rfd8 34. Rc6 ({White should play} 34. Rxd8+ $18 Rxd8 35. Rxa6) 34... Nd5 35. Ne2 ({Reject} 35. Rcxa6 $6 Nxf4 36. gxf4 Rbc8 $11) (35. Nxd5 $16 Rxd5 36. Raxa6 (36. Rcxa6 Rd3 $16)) 35... e3 (35... Ra8 $14) 36. f4 (36. Raxa6 $16 {With the idea fxe3.} exf2+ 37. Kxf2) 36... Nf6 $11 37. Nd4 Rbc8 38. Rxc8 Rxc8 {[%mdl 4096] Endgame KRN-KRN} 39. Ne2 Ne4 40. Kg2 Rd8 ({But not} 40... Nxc3 $2 41. Rc1 $18) 41. c4 bxc4 (41... Rd3 $1 $11) 42. bxc4 $14 Rb8 43. Ra4 Kf7 44. c5 a5 45. Rxa5 {Strongly threatening c6.} Rxb4 46. c6 Rc4 $1 47. Rxf5+ Nf6 48. Kf3 g6 49. Ra5 (49. Re5 {is more complex.} Rxc6 50. Rxe3 Ra6 51. Nc1 Nd5 52. Rb3) 49... Rxc6 50. Ra7+ Kg8 51. Kxe3 Re6+ 52. Kf3 Nd5 53. Ra3 Rc6 54. Ra8+ Kg7 55. Ra7+ Rc7 56. Ra5 Ne7 57. Nd4 {Hoping for Ne6+.} Rc3+ 58. Kf2 Rd3 59. Nf3 Nf5 60. Ra7+ Kg8 61. g4 {Cut Off at move 61} Nd4 62. Ng5 h6 63. Ra8+ Kg7 64. Ra7+ Kg8 65. Nh7 (65. Nf7 $14 Rf3+ 66. Kg2 Rxf4 67. Nxh6+ Kf8 68. Rb7) 65... Rf3+ $11 {[%mdl 64] [#] Double Attack. The position is equal.} 66. Kg2 Rxf4 67. g5 hxg5 68. hxg5 Ne6 69. Nf6+ Kf8 70. Nd7+ Kg8 71. Nf6+ Kf8 72. Kg3 Rf5 73. Kg4 Rxg5+ 74. Kh4 {And now Nh7+ would win.} Rf5 75. Ng4 Rf4 76. Kg3 Rb4 77. Ne5 g5 78. Rf7+ Kg8 79. Rf6 Ng7 {Threatens to win with ...Nh5+.} 80. Rg6 g4 81. Nxg4 Kf8 82. Rg5 Ne6 83. Re5 Kf7 84. Rf5+ Ke7 {Weighted Error Value: White=0.14/Black=0.12} 1/2-1/2

[Event "EWCCC Online Final 2020"]
[Site "Online"]
[Date "2020.12.21"]
[Round "9.3"]
[White "Girya, Olga"]
[Black "Mammadova, Gulnar"]
[Result "1-0"]
[WhiteElo "2464"]
[BlackElo "2382"]
[Annotator "TA"]
[PlyCount "137"]
[EventDate "2020.12.19"]
[EventType "team-tourn"]
[EventCountry "NET"]
[SourceTitle "playchess.com"]
[Source "ChessBase"]
[SourceQuality "1"]

{[%evp 15,137,26,35,-23,-20,0,10,12,31,31,38,39,40,31,54,53,43,11,19,12,6,0,0,0,0,0,0,0,26,11,18,0,18,0,0,0,0,-2,0,0,-12,-14,-8,-12,-12,-8,0,0,0,0,0,0,0,-16,20,0,42,-15,42,50,162,150,231,217,229,139,141,143,916,419,5506,5498,5297,5284,1501,3225,1655,1603,1351,1285,29971,29973,29972,29973,29974,29971,29975,29970,29976,29972,29979,29980,29980,29981,29981,29982,29982,29980,29982,29983,29985,29985,29987,29988,29988,29989,29989,29990,29990,29990,29992,29993,29994,29992,29994,29991,29992,29993,29994,29995,29996,29996,29997,29995]} 1. d4 g6 2. e4 Bg7 3. Nc3 d6 4. Be3 c6 5. Nf3 b5 6. Bd3 Nf6 7. h3 O-O 8. Qd2 {was the old line (8.a4).} Nbd7 9. a4 {B08: Pirc Defence: Classical System.} (9. O-O $14) 9... b4 $11 10. Ne2 {[%cal Bc3e2,Be2g3,Bg3f1,Bf1d2,Bd2c4][%mdl 32]} a5 11. O-O {The position is equal.} e5 12. dxe5 Nxe5 13. Nxe5 dxe5 14. Ng3 {[#]} Ba6 $146 ({Predecessor:} 14... Qe7 15. Rfd1 Be6 16. Qe2 Nd7 17. Bc4 Rfd8 18. Bxe6 Qxe6 19. Rd2 Bf8 20. Rad1 Be7 {1-0 (52) Abreu Delgado,A (2427)-Araque,R (2310) Cali 1999}) 15. Rfd1 Bxd3 16. cxd3 Nd7 17. Qc2 Rc8 18. Bc5 Re8 19. Nf1 Bf8 20. Be3 c5 21. Nd2 Nb6 22. Nc4 Nd7 23. Rf1 Nb8 24. f4 exf4 $1 25. Bxf4 Nc6 26. Be3 Rc7 27. Rad1 Rd7 28. Qf2 Ne5 29. Nxe5 Rxe5 30. Kh1 c4 31. Bb6 Qe7 32. dxc4 Rxd1 33. Rxd1 Rxe4 34. Bxa5 Rxc4 35. Bd8 Qe6 36. Bf6 (36. a5 $14) 36... b3 (36... Rc5 $11 37. Bh4 Rf5) 37. a5 $14 Rc6 {[#]} (37... Rc8 $14) 38. Bc3 $1 $18 Rc8 (38... f6 $16 39. Re1 Qc4) 39. Qd4 {[%csl Gc3][%cal Rd4h8]} f6 40. Qxf6 Qxf6 41. Bxf6 {[%mdl 4096] Endgame KRB-KRB} Bb4 $2 {[%mdl 8192] [#] Loses the game.} (41... Ra8 $16) 42. a6 (42. Rd8+ $142 Rxd8 43. Bxd8) 42... Ra8 (42... Kf7 $142) 43. Rd8+ Rxd8 44. Bxd8 {KB-KB} Bc5 45. g4 Kf7 46. Kg2 Ke6 47. Bh4 Kd5 48. Bf2 {White mates.} Bxf2 49. Kxf2 {KP-KP} Kc6 50. Ke3 Kb6 51. Kd4 Kxa6 {K3P-K3P} 52. Kc4 g5 53. Kxb3 {K3P-KPP} Kb5 54. Kc3 Kc5 55. b3 Kd5 56. Kd3 Ke5 57. Kc4 Kf4 58. b4 Kg3 59. b5 Kxh3 60. b6 Kxg4 {KPP-KP} 61. b7 {Cut Off at move 61} h5 62. b8=Q Kh3 63. Qb3+ Kh4 64. Qf3 g4 65. Qg2 Kg5 66. Kd4 h4 67. Ke5 g3 68. Qh3 Kh5 69. Kf4 {Weighted Error Value: White=0.19/Black=0.20} 1-0

[Event "EWCCC Online Final 2020"]
[Site "Online"]
[Date "2020.12.21"]
[Round "9.3"]
[White "Mammadzada, Gunay"]
[Black "Pogonina, Natalija"]
[Result "0-1"]
[WhiteElo "2443"]
[BlackElo "2474"]
[Annotator "RC"]
[PlyCount "100"]
[EventDate "2020.12.19"]
[EventType "team-tourn"]
[EventCountry "NET"]
[SourceTitle "playchess.com"]
[Source "ChessBase"]
[SourceQuality "1"]

1. e4 {[%emt 0:00:00]} e5 {[%emt 0:00:03]} 2. Nf3 {[%emt 0:00:02]} d6 {[%emt 0:00:02]} 3. d4 {[%emt 0:00:02]} exd4 {[%emt 0:00:02]} 4. Nxd4 {[%emt 0:00:02]} Nf6 {[%emt 0:00:01]} 5. Nc3 {[%emt 0:00:02]} Be7 {[%emt 0:00:03]} 6. Be2 {[%emt 0:00:02]} O-O {[%emt 0:00:02]} 7. O-O {[%emt 0:00:02]} Re8 {[%emt 0:00:08]} 8. f4 {[%emt 0:00:26]} Bf8 {[%emt 0:00:51]} 9. Bf3 {[%emt 0:00:05]} c5 {[%emt 0:00:07]} 10. Nb3 {[%emt 0:00:05]} Nc6 {[%emt 0:00:02]} 11. Re1 {[%emt 0:00:04]} a6 {[%emt 0:00:20]} 12. Be3 {[%emt 0:00:10]} Qc7 {[%emt 0:00:21]} 13. h3 {[%emt 0:02:29]} Rb8 {[%emt 0:01:40]} 14. f5 {[%emt 0:01:22]} Ne5 {[%emt 0:00:50]} 15. Bg5 {[%emt 0:00:06]} Ned7 {[%emt 0:00:52]} 16. g4 {[%emt 0:00:52]} b5 {[%emt 0:00:03]} 17. Bxf6 {[%emt 0:00:04]} Nxf6 {[%emt 0:00:02]} 18. g5 {[%emt 0:00:01]} Nd7 {[%emt 0:00:23]} 19. Nd5 {[%emt 0:00:36]} Qd8 {[%emt 0:00:03]} 20. Qd2 {[%emt 0:00:07]} Ne5 {[%emt 0:00:11]} 21. Bg2 {[%emt 0:00:04]} Bb7 {[%emt 0:00:35]} 22. Rf1 {[%emt 0:01:04]} Nc4 {[%emt 0:01:02]} 23. Qf4 {[%emt 0:00:12]} Bxd5 {[%emt 0:00:06]} 24. exd5 {[%emt 0:00:02]} Qe7 {[%emt 0:00:11]} 25. Kh1 {[%emt 0:01:10]} Qe5 {[%emt 0:00:13]} 26. Qf2 {[%emt 0:01:19]} Qxb2 {[%emt 0:00:50]} 27. g6 {[%emt 0:00:27]} Qf6 {[%emt 0:00:21]} 28. gxf7+ {[%emt 0:00:20]} Qxf7 {[%emt 0:00:06]} 29. Rae1 {[%emt 0:01:28]} Rxe1 {[%emt 0:01:00]} 30. Rxe1 {[%emt 0:00:02]} Be7 {[%emt 0:00:03]} 31. Re6 {[%emt 0:01:19]} Bg5 {[%emt 0:00:21]} 32. Bf1 {[%emt 0:01:05]} Qh5 {[%emt 0:00:36]} 33. Qe2 {[%emt 0:00:45]} Qxe2 {[%emt 0:00:57]} 34. Bxe2 {[%emt 0:00:07]} Bf4 {[%emt 0:00:03]} 35. Re4 {[%emt 0:00:59]} Bg5 {[%emt 0:00:44]} 36. Bxc4 {[%emt 0:00:11]} bxc4 {[%emt 0:00:02]} 37. Rxc4 {[%emt 0:00:04]} Rf8 {[%emt 0:00:04]} 38. Ra4 {[%emt 0:00:10]} Rxf5 {[%emt 0:00:03]} 39. c4 {[%emt 0:00:02]} Rf3 {[%emt 0:00:36]} 40. Kg2 {[%emt 0:00:23]} Rc3 {[%emt 0:00:03]} 41. Rxa6 {[%emt 0:00:07]} Bf4 {[%emt 0:00:04]} 42. Na5 {[%emt 0:00:17]} h5 {[%emt 0:01:51]} 43. a4 {[%emt 0:00:10]} h4 {[%emt 0:00:07]} 44. Nb7 {[%emt 0:00:07]} Rg3+ {[%emt 0:00:25]} 45. Kf2 {[%emt 0:00:03]} Rxh3 {[%emt 0:00:01]} 46. Nxd6 {[%emt 0:00:02]} Rd3 {[%emt 0:00:10]} 47. Nf5 {[%emt 0:00:09]} h3 {[%emt 0:00:06]} 48. Rg6 {[%emt 0:00:03]} Rd2+ {[%emt 0:00:34]} 49. Kf3 {[%emt 0:00:08]} h2 {[%emt 0:00:04]} 50. Rxg7+ {[%emt 0:00:02]} Kh8 {[%emt 0:00:03]} 0-1

[Event "EWCCC Online Final 2020"]
[Site "Online"]
[Date "2020.12.21"]
[Round "9.3"]
[White "Dordzhieva, Dinara"]
[Black "Fataliyeva, Ulviyya"]
[Result "1/2-1/2"]
[WhiteElo "2334"]
[BlackElo "2301"]
[Annotator "TA"]
[PlyCount "162"]
[EventDate "2020.12.19"]
[EventType "team-tourn"]
[EventCountry "NET"]
[SourceTitle "playchess.com"]
[Source "ChessBase"]
[SourceQuality "1"]

{[%evp 9,162,6,7,15,14,0,0,-2,48,0,0,0,0,0,11,0,0,0,0,-28,8,12,12,12,5,0,6,6,27,0,22,0,0,0,0,-62,-58,-65,63,0,0,0,0,0,19,13,161,162,162,167,165,162,161,165,245,162,147,143,137,137,146,146,146,146,146,146,146,146,158,158,164,123,170,85,133,141,148,127,135,64,149,149,149,149,144,144,143,137,80,77,77,69,76,75,73,73,102,83,193,185,187,187,191,107,123,24,204,156,156,154,134,0,1,0,0,0,1,0,1,0,1,1,1,0,0,0,1,1,1,1,1,1,1,1,1,0,0,0,0,0,0,0,0,0,0,0,0,0,0,0,0,0,0,0,0]} 1. d4 d5 2. Nf3 e6 3. c4 a6 4. g3 dxc4 5. Bg2 b5 6. Ne5 {D30: Queen's Gambit Declined: Systems without Nc3.} c6 7. a4 Bb7 8. O-O Bd6 9. Nc3 (9. b3 {looks sharper.} cxb3 10. Qxb3 Ne7 11. Nd2 Nd7 12. Nd3) 9... Nf6 10. axb5 axb5 11. Rxa8 Bxa8 12. Nxb5 cxb5 13. Bxa8 O-O {[#]} 14. Bf3 $146 ({Predecessor:} 14. Bg2 Nd5 15. Nf3 Nc6 16. e4 Ndb4 17. b3 c3 18. Qe2 Na5 19. Qxb5 Nxb3 20. Bg5 {½-½ (104) Gupta,A (2560)-Yu,Y (2574) Olongapo City 2010}) 14... Nbd7 (14... Nd5 {keeps more tension.} 15. Ng4 Nc6 16. Ne3 Bb4 17. Bd2 Ba5) 15. Nxd7 Qxd7 16. e4 Be7 17. Be3 Rd8 18. Qc2 Qc7 19. Ra1 e5 20. dxe5 Qxe5 21. Bf4 Qe6 22. Ra7 (22. Qe2 $11) 22... Bc5 $1 $15 {[%cal Rc5a7]} 23. Rb7 b4 (23... Qc6 $1 $15 24. Rb8 Rxb8 25. Bxb8 Bd4) 24. Rb5 ({Better is} 24. Rc7 $14 Rc8 25. Rxc8+ Qxc8 26. e5) 24... Qc6 $11 25. Ra5 b3 26. Qe2 $1 $36 {[%mdl 2048] White has good play.} Qb6 27. Ra1 Qb4 (27... c3 $11 {and Black has nothing to worry.} 28. bxc3 Nd7) 28. e5 $18 Ne8 29. e6 c3 30. bxc3 Qxc3 31. Rc1 Qd4 (31... Qb4 {keeps fighting.} 32. exf7+ Kxf7) 32. exf7+ Kxf7 33. Be3 b2 34. Rb1 Qd3 35. Bh5+ (35. Bxc5 $2 Qxb1+ 36. Kg2 Nf6 $17) (35. Qxb2 $6 Bxe3 36. Be2 (36. fxe3 Qxe3+ {[%mdl 64] Double Attack} 37. Qf2 Qxf2+ 38. Kxf2 Rd2+ 39. Be2 Nd6 $11) 36... Bxf2+ $1 {[%mdl 512]} 37. Kxf2 Qf5+ 38. Kg1 Qc5+ 39. Kg2 Qd5+ 40. Kg1 Qd4+ 41. Kg2 Qd5+ 42. Kg1 Qd4+ 43. Kg2 Qd5+ $11) 35... g6 36. Qxd3 ({Resist} 36. Rxb2 $6 Bxe3 37. Rb7+ (37. fxe3 gxh5 38. Qxh5+ Kg8 $17) 37... Kg8 $11) 36... Rxd3 37. Bxc5 gxh5 38. Rxb2 $16 {[%mdl 4096] Endgame KRB-KRN} Nf6 39. Kg2 h4 40. Rb7+ Kg6 41. Rb6 (41. Be7 $18 {And now Rb6 would win.} Kf5 42. Bxf6 (42. gxh4 h5 $18) 42... Kxf6 43. gxh4) 41... Kf7 42. gxh4 Nd5 43. Rb7+ Kg6 44. h5+ ({White should play} 44. Bd6 $16) 44... Kxh5 (44... Kg5 $14 45. Bd6 h6) 45. Rxh7+ Kg6 46. Rh4 Kg5 47. Rd4 Nf4+ 48. Kf1 Rc3 49. Be7+ Kg4 {( -> ...Rc1+)} 50. Ke1 {Black must now prevent Bd6.} Kf3 $1 51. Kd2 Rc6 52. Bh4 $1 Re6 53. Bg3 Ng6 (53... Nh3 $16) 54. Rd3+ $18 Kg4 55. f3+ Kh3 56. Re3 (56. Rd5 $1 $18) 56... Rf6 $16 {[#]} 57. Ke2 (57. Ke1 $1 $16) 57... Nf4+ $2 (57... Kg2 $11 {and Black stays safe.}) 58. Bxf4 Rxf4 $18 {KR-KR} 59. Re4 Rf6 {[#]} 60. Ke3 (60. Re5 $1 $16) 60... Kxh2 {The position is equal.} 61. Rg4 {Threatens to win with f4. Cut Off at move 61} Kh3 62. Rg1 Kh4 63. f4 Kh5 64. Ke4 Kh6 65. Ke5 Ra6 66. Rg8 Ra5+ 67. Ke4 Ra4+ 68. Kf5 $1 Ra5+ 69. Kg4 Kh7 70. Rb8 Kg6 71. Rb6+ Kg7 72. f5 Ra1 73. Rb7+ Kf6 74. Rb6+ Kg7 75. Re6 Kf7 76. Kf4 Rf1+ 77. Ke5 Re1+ 78. Kd6 Rd1+ 79. Ke5 Re1+ 80. Kd6 Rd1+ 81. Ke5 Re1+ {Black defended with fortune.  Weighted Error Value: White=0.19/Black=0.27} 1/2-1/2

[Event "EWCCC Online Final 2020"]
[Site "Online"]
[Date "2020.12.21"]
[Round "9.3"]
[White "Mamedjarova, Turkan"]
[Black "Badelka, Olga"]
[Result "0-1"]
[WhiteElo "2309"]
[BlackElo "2440"]
[Annotator "TA"]
[PlyCount "90"]
[EventDate "2020.12.19"]
[EventType "team-tourn"]
[EventCountry "NET"]
[SourceTitle "playchess.com"]
[Source "ChessBase"]
[SourceQuality "1"]

{[%evp 20,90,22,15,22,10,7,11,2,18,56,18,18,18,24,0,0,0,7,0,0,-54,-8,-19,-10,-10,-14,-14,-8,-8,-8,-15,-14,-122,-20,-27,-18,-21,0,0,0,-96,-84,-131,-110,-103,-110,-214,-219,-257,-158,-202,-116,-116,-116,-144,-132,-126,-104,-133,-128,-170,-135,-478,-466,-5617,-5410,-1827,-502,-29977,-283,-29985,-29984]} 1. d4 Nf6 2. c4 e6 3. Nf3 d5 4. Nc3 dxc4 5. Bg5 c5 6. e3 cxd4 7. exd4 Be7 8. Bxc4 O-O 9. O-O Nbd7 10. Rc1 Nb6 11. Bb3 Nfd5 {E54: Nimzo-Indian: Rubinstein: Main Line: 7...dxc4 8 Bxc4.} 12. Bxe7 Nxe7 13. Re1 Bd7 {The position is equal.} 14. Ne5 {[#]} Ng6 $146 ({Predecessor:} 14... Rc8 15. Qh5 g6 16. Qh3 Nf5 17. Rcd1 Bc6 18. Ne4 Kg7 19. Ng3 Qg5 20. Nxc6 Rxc6 {1-0 (45) Alekhine,A-Devreeze,F Brussels 1923}) 15. Ne4 Nxe5 16. dxe5 Bc6 17. Qh5 Bxe4 18. Rxe4 Rc8 19. Rce1 Qd2 20. h3 ({White should play} 20. Qe2 $11 Rfd8 21. Rd1) 20... g6 21. Qf3 Rc1 22. Rxc1 Qxc1+ 23. Kh2 $1 Qxb2 24. Re2 Qd4 $36 {[%mdl 2048] Black is more active.} 25. Qxb7 a5 26. a4 (26. Qf3 $11) 26... Qf4+ (26... Nxa4 $17 {Hoping for ...Nc5.} 27. Bxa4 Qf4+ 28. g3 Qxa4) 27. g3 $11 Qb4 28. Re3 $1 Qd2 29. Rf3 ({Wrong is} 29. Qxb6 $2 Qxf2+ 30. Kh1 Rc8 $19) 29... Nd7 30. Qe4 (30. Qc7 $11 {keeps the balance.}) 30... Qb2 31. Qe1 Nxe5 32. Re3 Nc6 33. Bc4 {[#]} (33. Rd3 $17) 33... Nd4 $1 $19 {...Rc8 is the strong threat.} 34. Bf1 Rb8 {White must now prevent ...Nc2.} 35. Rd3 Rb3 (35... Rc8 $19 {Strongly threatening ...Rc1!} 36. Kg1 {[#]} e5 $1 {[%mdl 512]}) 36. Rxb3 $17 Nxb3 37. Bg2 Qd4 38. Bc6 e5 39. Kg2 Kg7 40. Qb1 Nc5 41. Qb5 $2 {[%mdl 8192] White does not recover from this.} (41. Qe1 $17 {is more resistant.}) 41... Nd3 $19 42. h4 (42. Kh2 $142) 42... Qxf2+ 43. Kh3 Qd4 (43... Qe3 $142 44. Kh2 e4) 44. Qxa5 (44. Qd5 $19 Qe3 45. Kh2) 44... Qe3 $2 (44... Qg1 {mates} 45. Qd2 Nf2+ 46. Qxf2 Qxf2 47. Bg2 Qa2 48. a5 e4 49. Bf1 Qf2 50. Bc4 h5 51. Be2 f5 52. Bf1 Qxf1+ 53. Kh2 Qf2+ 54. Kh1 e3 55. g4 e2 56. gxh5 e1=Q#) 45. Qd5 $2 (45. Kh2 $19) 45... Nf4+ {[%mdl 64] Double Attack.  Weighted Error Value: White=0.87/Black=0.51} 0-1